000
00344pab a2200157 454500
008
180718b2010 xxu||||| |||| 00| 0 eng d
100
_a
Sahu, Dinesh
245
_a
Education: a casualty in Bastar
260
_c
2010
300
_a
p.34-35.
362
_a
Sep
650
_a
Education
773
_a
Kurukshetra
908
_a
N
909
_a
87730
999
_c
87730
_d
87730